Filosofía contemporánea

Guardado en:
Bibliografiske detaljer
Hovedforfatter: Romero, Francisco
Format: Bog
Sprog:Undetermined
Udgivet: Buenos Aires, Argentina Losada 1941
Fag:
Tags: Tilføj Tag
Ingen Tags, Vær først til at tagge denne postø!

MARC

LEADER 00000nam a2200000Ia 4500
008 170316s9999 xx 000 0 und d
090 |a 100 R-32fc 
100 |a Romero, Francisco 
245 |a Filosofía contemporánea 
260 |a Buenos Aires, Argentina 
260 |b Losada 
260 |c 1941 
300 |a 208 páginas 
650 |a FILOSOFÍA 
999 |c 17438  |d 17438 
040 |a cru BVZT 
942 |c 15 D  |h 100 R-32fc  |2 z